| 000 | 00700nam a2200241Ia 4500 | ||
|---|---|---|---|
| 003 | OSt | ||
| 005 | 20220925221326.0 | ||
| 006 | a|||||r|||| 00| 0 | ||
| 007 | ta | ||
| 008 | 220923b |||||||| |||| 00| 0 eng d | ||
| 037 | _cGeneral Book | ||
| 040 |
_aRTL _cRTL _beng |
||
| 041 |
_2eng _aeng |
||
| 082 | _aY9(W).58.N6, L0;L8 | ||
| 100 | _aLane David | ||
| 245 | 0 | _aPolitics and society in the USSR. Rev Edn | |
| 260 |
_aLondon _bMartin Robertson _c1978 |
||
| 300 |
_axviii, 622p _ccm. |
||
| 500 | _aBibliography chapterwise; Appendix: P 512-610 | ||
| 650 | _aPolitical Sociology | ||
| 942 |
_hY9(W).58.N6, L0;L8 _cGB _2CC |
||
| 999 |
_c573966 _d573966 |
||